| 000 | 00742nam a2200205 i 4500 | ||
|---|---|---|---|
| 001 | 189457 | ||
| 003 | SpMaBN | ||
| 005 | 20230906223458.0 | ||
| 008 | 190603s2018 sp ac |||| |dspa d | ||
| 100 | 1 |
_aFernández de la Cuesta, Ismael. _949666 |
|
| 245 | 1 | 0 |
_aElogio del intérprete / _cIsmael Fernández de la Cuesta. |
| 260 |
_a[Madrid] : _bReal Academia de Bellas Artes de San Fernando, _c[2018] |
||
| 300 |
_a1 h. pleg. (6 p.) : _bil. col., 1 retr. ; _c21 cm. |
||
| 490 | 1 |
_aPliegos de pensamiento vivo ; _v13 |
|
| 650 | 4 |
_aCanto gregoriano. _910754 |
|
| 710 | 2 |
_aReal Academia de Bellas Artes de San Fernando. _96291 |
|
| 830 | 0 |
_aPliegos de pensamiento vivo ; _v13 _9193319 |
|
| 852 |
_aES-MaACL _j2340-F-13 |
||
| 999 |
_c189457 _d189457 |
||